Countries UB40 has Visited - Statistics

General Stats
  • This quiz has been taken 13 times
  • The average score is 39 of 48
Answer Stats
Continent Country % Correct
South America Argentina
100%
South America Brazil
100%
North America Canada
100%
South America Colombia
100%
North America United States of America
100%
Oceania Australia
89%
Europe Belgium
89%
South America Chile
89%
Asia China
89%
Europe Denmark
89%
Europe France
89%
Europe Germany
89%
Asia India
89%
North America Mexico
89%
Europe Netherlands
89%
Europe Norway
89%
South America Peru
89%
Europe Poland
89%
Europe Portugal
89%
Africa South Africa
89%
Europe Spain
89%
Europe Sweden
89%
Europe United Kingdom
89%
South America Uruguay
89%
South America Venezuela
89%
Europe Croatia
78%
Europe Finland
78%
Europe Greece
78%
Europe Ireland
78%
Asia Israel
78%
Europe Italy
78%
Asia Japan
78%
Europe Romania
78%
Asia/ Europe Russia
78%
Europe Slovakia
78%
Europe Slovenia
78%
Europe Switzerland
78%
Asia Thailand
78%
Europe Austria
67%
Europe Hungary
67%
Asia Malaysia
67%
Asia Singapore
67%
Africa Uganda
67%
Asia United Arab Emirates
67%
Africa Zambia
67%
Africa Mozambique
56%
Asia Sri Lanka
56%
Europe Luxembourg
44%
No matching quizzes found
Score Distribution
Percent of People with Each Score
Percentile by Number Answered
Your Score History
You have not taken this quiz